000 00518nam a2200181Ia 4500
005 20250508163344.0
008 008 250505s9999 xx 000 0 eng d
037 _aReference
040 _aFEDL
_beng
_cFEDL
041 _aeng
_2eng
084 _a152.8, NCE
_qFEDL
100 _aLong Louis Ed.
245 0 _aFirst mental measurement handbook for India
245 0 _cNational Council of Educational Research and Training
300 _a505p.
942 _cREF
_h152.8, NCE
999 _c1382519
_d1382519